Vertebrate dissection (Record no. 36874)
[ view plain ]
| 000 -LEADER | |
|---|---|
| fixed length control field | 00426nam a2200181Ia 4500 |
| 020 ## - INTERNATIONAL STANDARD BOOK NUMBER | |
| ISBN | 0- 7216- 9097- 1 |
| 050 ## - CALL MARK | |
| Classification number | QL 812.5 .W35/ |
| 100 ## - STATEMENT OF RESPONSIBILITY--MAIN AUTHOR NAME | |
| Personal name | Warren F. Walker |
| 245 #0 - TITLE STATEMENT | |
| Title | Vertebrate dissection |
| 250 ## - EDITION / VOLUME STATEMENT | |
| Edition / Volume statement | 4th ed. |
| 260 ## - PUBLICATION, DISTRIBUTION, ETC. (IMPRINT) | |
| Place of publication | Philadelphia |
| 260 ## - PUBLICATION, DISTRIBUTION, ETC. (IMPRINT) | |
| Name of publisher | W. B. Saunders Company |
| 260 ## - PUBLICATION, DISTRIBUTION, ETC. (IMPRINT) | |
| Year of publication | 1970 |
| 300 ## - PHYSICAL DESCRIPTION | |
| Number of Pages | 402 p |
| 942 ## - ADDED ENTRY ELEMENTS (KOHA) | |
| Koha item type | Books |
| Withdrawn status | Lost status | Source of classification or shelving scheme | Damaged status | Not for loan | Permanent Location | Current Location | Date acquired | Accession Number | Price effective from | Koha item type |
|---|---|---|---|---|---|---|---|---|---|---|
| Library of Congress Classification | NILE UNIVERSITY OF NIGERIA - MAIN LIBRARY | NILE UNIVERSITY OF NIGERIA - MAIN LIBRARY | 04/23/2025 | 0008649 | 04/23/2025 | Books |